00444 2200169 4500001002100000008004100021035002000062245003200082100001100114260005100125300001200176020002200188084001600210082000800226650002100234990001900255INLIS000000000001427 ind  a0010-0724001427 aKreasi Lilin CantikcChacha aChacha aJakarta Timur :bPenerbit Nobel Edumediac2009 a53 hlm. a978-602-8123-34-1 a745.4 CHA k a745 aKerajinan Tangan aP29/CP/24/1427